|
|
|
|
| LEADER |
01870nam a2200373 a 4500 |
| 001 |
27189 |
| 003 |
BD-DhAAL |
| 005 |
20230430155220.0 |
| 008 |
071116s2008 ctua b 001 0 eng |
| 010 |
|
|
|a 2007047528
|
| 020 |
|
|
|a 9780300122237 (alk. paper)
|
| 020 |
|
|
|a 0300122233 (alk. paper)
|
| 020 |
|
|
|a 9780143115267 (pbk)
|
| 040 |
|
|
|a DLC
|c DLC
|d BAKER
|d YDXCP
|d BTCTA
|d C#P
|d DLC
|d BD-DhAAL
|
| 050 |
0 |
0 |
|a HB74.P8
|b T53 2008
|
| 082 |
0 |
0 |
|a 330.019
|2 22
|
| 100 |
1 |
|
|a Thaler, Richard H.,
|d 1945-
|9 2179
|
| 245 |
1 |
0 |
|a Nudge :
|b improving decisions about health, wealth, and happiness /
|c Richard H. Thaler, Cass R. Sunstein.
|
| 260 |
|
|
|a New Haven :
|b Yale University Press ;
|b Penguin Books,
|c c2008, 2009.
|
| 300 |
|
|
|a x, 293 pages,
|a viii, 312 pages :
|b illustrations ;
|c 25 cm.,
|c 22 cm.
|
| 500 |
|
|
|a "A Caravan book"--T.p. verso.
|
| 504 |
|
|
|a Includes bibliographical references (pages 263-282) and index.
Includes bibliographical references (pages 272-302) and index.
|
| 541 |
|
|
|a Complimentary copy from Dr. Sang Hoon Lee, Dean of Brac Business School, Brac University
|e 27189, 41174
|
| 650 |
|
0 |
|a Economics
|x Psychological aspects.
|9 2180
|
| 650 |
|
0 |
|a Choice (Psychology)
|x Economic aspects.
|9 2181
|
| 650 |
|
0 |
|a Decision making
|x Psychological aspects.
|9 2182
|
| 650 |
|
0 |
|a Consumer behavior.
|9 747
|
| 650 |
|
0 |
|a Economics.
|
| 700 |
1 |
|
|a Sunstein, Cass R.
|9 2183
|
| 852 |
|
|
|a Ayesha Abed Library
|c General Stacks
|
| 942 |
|
|
|2 ddc
|c BK
|
| 999 |
|
|
|c 13603
|d 13603
|
| 952 |
|
|
|0 0
|1 0
|2 ddc
|4 0
|6 330_019000000000000_THA
|7 0
|9 22766
|a IGS
|b IGS
|c GEN
|d 2013-06-20
|e STS International
|g 2370.00
|l 0
|o 330.019 THA
|p 3010027189
|r 2013-06-20
|t 1
|w 2013-06-20
|y BK
|
| 952 |
|
|
|0 0
|1 0
|2 ddc
|4 0
|6 330_019000000000000_THA
|7 0
|9 73576
|a BRACUL
|b BRACUL
|c GEN
|d 2023-04-30
|e Complimentary copy from Dr. Sang Hoon Lee
|g 1815.00
|l 2
|m 15
|o 330.019 THA
|p 3010041174
|r 2025-05-24
|s 2025-05-08
|t 2
|w 2023-04-30
|y BK
|x USD 17.00
|